British Films with One Word Titles - Statistics

General Stats
  • This quiz has been taken 98 times
  • The average score is 14 of 25
Answer Stats
Clue Answer % Correct
Oscar winning musical. "You've got to pick a pocket or two..." Oliver!
93%
Laurence Oilivier won an Oscar in this Shakesperean tragedy Hamlet
92%
Biopic of the man who led India on a peaceful route to independence Gandhi
90%
A Peruvian Bear is given a home by the Brown family Paddington
88%
Beatles film! Help!
82%
Michael Caine plays a womanizing cockney chauffeur. "Shadows on me lungs!" Alfie
77%
A boy, a kestrel, and a sadistic games teacher Kes
76%
Alastair Sim stars in Dicken's christmas classic Scrooge
76%
An affair with the Marquess of Queensbury's son sends Irish playwright to Reading Gaol Wilde
64%
Historical drama depicting the 1878 Battle of Rorke's Drift Zulu
64%
A celebrity football match takes place at Slade prison. Fletch is prison team manager Porridge
60%
Mods and Rockers clash in Brighton Quadrophenia
60%
Biographical telling of Kenneth Branagh's childhood in Northern Ireland Belfast
58%
Satire of public school life directed by Lindsay Anderson, and starring Malcolm McDowell If
46%
Realistically violent film set in a 70's Borstal. Ray Winstone is 'The Daddy' Scum
42%
Alzheimer's besets a well known novelist. Her husband becomes her carer. Genuinely moving Iris
40%
Cinematic portrayal of the Profumo Affair Scandal
37%
Spectre have stolen two NATO atomic bombs. James Bond is on their case Thunderball
36%
The real-life romance of two well known poets. The titular character takes her own life in 1963 Sylvia
33%
In Swinging London, George Spiggot, the Devil, grants Stanley Moon seven wishes. Bedazzled
31%
Michael Caine and Laurence Olivier play off against each other in this two handed mystery thriller Sleuth
28%
Biopic of Joy Division's Ian Curtis Control
24%
In order to raise funds for their retirement home, four former opera singers perform a piece from Rigoletto Quartet
24%
Derek Jarman punk film. Features Adam Ant, Jordan, Toyah and Wayne County Jubilee
19%
An imagining of The Marquis de Sade's incarceration in the Charenton asylum Quills
14%
No matching quizzes found
Score Distribution
Percent of People with Each Score
Percentile by Number Answered
Your Score History
You have not taken this quiz